Statistiques concernant Capitales d'Océanie

Cliquez ici pour prendre le quiz!

Statistiques générales

  • Ce quiz a été pris 4 336 fois
    (3 427 depuis la dernière actualisation)
  • Le résultat moyen est 8 sur 14

Statistiques - réponses

PaysCapitale% Correct
AustralieCanberra
95%
Nouvelle-ZélandeWellington
89%
Papouasie-Nouvelle-GuinéePort-Moresby
63%
FidjiSuva
61%
VanuatuPort-Vila
55%
SamoaApia
50%
TuvaluFunafuti
50%
NauruYaren
50%
MicronésiePalikir
48%
KiribatiTarawa
46%
MarshallMajuro
43%
TongaNuku'alofa
43%
SalomonHoniara
41%
PalaosNgerulmud
40%

Distribution des résultats

Percentile par nombre de réponses

% des personnes avec chaque résultat

Votre développement - résultats

Vous n’avez pas pris ce quiz depuis la dernière actualisation